000 00630nam a2200205 a 4500
001 000012988
005 20200929163120.0
008 091118s1995 sp 000 f spa d
020 _a844071999X
040 _aDO-SdBNP
_bspa
_cBNPHU
082 _aPa863.44
_bR628fis
100 1 _aRoa Bastos, Augusto,
_d1917-2005
_915047
245 1 3 _aEl fiscal /
_cAugusto Roa Bastos.
260 _aMadrid :
_bClub Internacional del Libro,
_c1995.
300 _a364 p. ;
_c21 cm.
586 _aPremio Cervantes, 1989.
650 4 _aNovela paraguaya
_915048
650 4 _aLiteratura paraguaya
_915641
910 _aValidado. Control de calidad MFF
999 _c12635
_d12635